[Event "Hessen-ch U12"]
[Site "Bad Homburg"]
[Date "2012.??.??"]
[Round "3"]
[White "Lin, Langjun"]
[Black "Flach, Helene"]
[Result "1/2-1/2"]
[WhiteElo "755"]
[BlackElo "925"]
[PlyCount "33"]
[EventDate "2012.04.??"]
[EventType "swiss"]
[EventRounds "9"]
[EventCountry "GER"]
[SourceTitle "EXT 2015"]
[Source "ChessBase"]
[SourceDate "2014.11.20"]
[SourceVersion "1"]
[SourceVersionDate "2014.11.20"]
[SourceQuality "1"]

1. e4 e5 2. f4 exf4 3. d4 Qh4+ 4. Ke2 d6 5. Nf3 Bg4 6. h3 Nd7 7. Qd3 0-0-0 8. Bxf4 Re8 9. g3 Qh5 10. Bg2 Bxf3+ 11. Bxf3 Qa5 12. c3 Qb6 13. Be3 Qxb2+ 14. Nd2 Ngf6 15. Rab1 Qxa2 16. Rbd1 Nb6 17. d5 1/2-1/2

[Event "Hessen-ch U12"]
[Site "Bad Homburg"]
[Date "2012.??.??"]
[Round "9"]
[White "Lin, Langjun"]
[Black "Timpel, Kaan"]
[Result "0-1"]
[WhiteElo "755"]
[BlackElo "894"]
[PlyCount "98"]
[EventDate "2012.04.??"]
[EventType "swiss"]
[EventRounds "9"]
[EventCountry "GER"]
[SourceTitle "EXT 2015"]
[Source "ChessBase"]
[SourceDate "2014.11.20"]
[SourceVersion "1"]
[SourceVersionDate "2014.11.20"]
[SourceQuality "1"]

1. e4 e5 2. Nc3 Nc6 3. Nf3 Nf6 4. d3 h6 5. Bd2 Bb4 6. a3 Ba5 7. b4 Bb6 8. Be2 a6 9. Rb1 Ba7 10. g3 d6 11. h4 Ng4 12. a4 Nxf2 13. Qc1 Nxh1 14. b5 Nd4 15. a5 Nxf3+ 16. Bxf3 Nf2 17. b6 cxb6 18. Kxf2 bxa5+ 19. Be3 Bxe3+ 20. Qxe3 b6 21. Qxb6 Qxb6+ 22. Rxb6 0-0 23. Nd5 Bb7 24. Rxb7 a4 25. Nb4 Rab8 26. Rxb8 Rxb8 27. c3 Rxb4 28. cxb4 a3 29. d4 exd4 30. e5 dxe5 31. Bd5 Kf8 32. Ke2 Ke7 33. Kd3 Kd6 34. Ke4 f6 35. Bf7 Kc6 36. Kd3 Kb5 37. Kc2 Kxb4 38. Kb1 Kc3 39. g4 d3 40. g5 fxg5 41. hxg5 hxg5 42. Ka2 d2 43. Bb3 e4 44. Kxa3 e3 45. Bd1 Kd3 46. Kb2 e2 47. Bc2+ Ke3 48. Kc3 d1Q 49. Bxd1 exd1Q 0-1